Rövid ismertetö iskolánkaról

Bibliographic Details
Main Authors: Ardamica, Zorán, 1970- (Author), Bize, Ferenc (Author), Bálint, Zsuzsana (Author), Princz, Katalin (Author)
Corporate Author: Základná škola s vyučovacím jazykom maďarským (Lučenec, Slovensko) (vyd)
Format: Book
Language:Hungarian
PhysicalDescription:[20] s. fotogr., zozn. 21x15 cm
Published: Lučenec Plectrum 1998
ISBN:809680331X
Subjects:

MARC

LEADER 00000nam a2200000 a 4500
001 vtls001354044
003 SK-MaSNL
005 20260301114905.0
008 240313s1998 xo a y 0 hun
015 |a SNBE1999/01-00353 
020 |a 809680331X 
035 |a SNK000307472 
040 |a SNK  |b slo  |c SNK  |e AACR2 
041 0 |a hun 
044 |a xo  |c SK 
080 |a 373.3/.4(437.6)(=945.11)(083.9)=945.11  |2 1981 
100 1 |a Ardamica, Zorán,  |d 1970-  |4 aut  |9 98940 
245 1 |a Rövid ismertetö iskolánkaról  |c szerzők Zorán Ardamica .. [et al.] 
260 |a Lučenec  |b Plectrum  |c 1998 
300 |a [20] s.  |b fotogr., zozn.  |c 21x15 cm 
500 |a Vydavateľ: Základná škola s vyučovacím jazykom maďarským v Lučenci 
500 |a Voľné listy prebale 
610 0 7 |a Základná škola s vyučovacím jazykom maďarským (Lučenec, Slovensko)  |x bulletiny  |2 SNK  |9 459028 
611 1 7 |a Základná škola s vyučovacím jazykom maďarským (Lučenec, Slovensko)  |x bulletiny  |2 SNK  |9 459029 
651 7 |a 606  |2 SNK  |9 392484 
655 7 |a informačné publikácie  |2 SNK  |9 70181 
700 1 |a Bize, Ferenc  |4 aut  |9 459030 
700 1 |a Bálint, Zsuzsana  |4 aut  |9 459031 
700 1 |a Princz, Katalin  |4 aut  |9 459032 
710 0 |a Základná škola s vyučovacím jazykom maďarským (Lučenec, Slovensko)  |4 vyd  |9 35463 
919 |a 80-968033-1-X 
958 |a TL 
999 |c 720139  |d 722069 
952 |t P60, <03>, [BOOK], {603}  |a SNK  |b SNK  |y PREZ  |7 0  |p 17A0179107  |o snkOSC 20049  |i snkKSP 1036/99  |0 0  |1 0  |4 0  |d 1999-02-03  |l 0  |r 2005-01-02 00:00:00  |w 2026-02-23 
952 |t P60, <04>, [BOOK], {604}  |a SNK  |b SNK  |y VYP  |7 0  |p 17A0179108  |o snkOSC 20049 D1  |i snkKSP 1037/99  |0 0  |1 0  |4 0  |d 1999-02-03  |l 0  |r 2005-01-02 00:00:00  |w 2026-02-23